Capacitación campesina en Honduras /
Expone la situación del sector reformado en materia de capacitación campesina en Honduras (período 1973-1976). Presenta una visión del desarrollo del programa de capacitación campesina para la reforma agraria (PROCCARA), el cual surgió de un convenio entre el gobierno de Honduras y el PNUD, y funcio...
Salvato in:
| Enti autori: | , |
|---|---|
| Natura: | testo |
| Pubblicazione: |
Tegucigalpa:
INA
|
| Soggetti: | |
| Tags: |
Aggiungi Tag
Nessun Tag, puoi essere il primo ad aggiungerne!!
|
MARC
| LEADER | 00000 a a2200000 04500 | ||
|---|---|---|---|
| 001 | 20135 | ||
| 003 | |||
| 040 | |a CRAI/IIS |c CRAI/IIS | ||
| 090 | |a 082900 | ||
| 110 | |a Instituto Nacional Agrario | ||
| 245 | |a Capacitación campesina en Honduras / |c Instituto Nacional Agrario | ||
| 260 | |a Tegucigalpa: |b INA | ||
| 300 | |a 68 p. | ||
| 520 | |a Expone la situación del sector reformado en materia de capacitación campesina en Honduras (período 1973-1976). Presenta una visión del desarrollo del programa de capacitación campesina para la reforma agraria (PROCCARA), el cual surgió de un convenio entre el gobierno de Honduras y el PNUD, y funcionó de mayo de 1973 a diciembre de 1976. Con relación al programa expone: líneas generales, población atendida, cursos realizados, costos, marco legal institucional, cobertura geográfica, tipo de capacitación y otros./ACM | ||
| 650 | |a REFORMAS AGRARIAS | ||
| 650 | |a CAMPESINOS | ||
| 650 | |a PROGRAMAS DE CAPACITACION | ||
| 710 | |a PROCCARA | ||
| 999 | |c 13318 |d 13318 | ||
